Missing Word: 'Sports Writers' Quiz Stats

Quiz Updated Jul 30, 2015

Challenge
Share
Tweet
Embed
Score 0/20 Timer 03:00
0 Plays Today
Author Name % Correct
Tennessee ________Williams
98.4%
___ ClancyTom
98.3%
______ DickensCharles
97.9%
_____ JoyceJames
97.3%
_______ CrichtonMichael
95.3%
____ ShelleyMary
92.7%
____ VonnegutKurt
91%
___ BrownDan
89.7%
_____ C. ClarkeArthur
88.8%
Robert _____ StevensonLouis
87.7%
Author Name % Correct
_____ PuzoMario
84.4%
____ SandburgCarl
79.5%
____ LondonJack
79.3%
Ian ______Fleming
72.1%
______ IbsenHenrik
57.3%
_______ SendakMaurice
56.1%
________ PushkinAlexander
48.8%
_____ PalahniukChuck
43.2%
Dorothy ______Parker
40.6%
_______ WilderThornton
23%

Today's Daily Dose

Missing Word
1998 A-Z Movies

Word Ladder
5 Vowel Sounds

Quick Pick
Legal Terms

On This Day
June 25th II

You're not logged in!

Compare scores with friends on all Sporcle quizzes.
Join for Free
OR
Log In

You Might Also Like...

Show Comments

Extras

Top Quizzes Today


Score Distribution

Your Account Isn't Verified!

In order to create a playlist on Sporcle, you need to verify the email address you used during registration. Go to your Sporcle Settings to finish the process.

Report this User

Report this user for behavior that violates our Community Guidelines.

Details: